000
00273nam a22001217a 4500
008
181019b xxu||||| |||| 00| 0 eng d
041
_a
eng
080
_a
159.9
100
_a
50
101
_a
psi
245
_a
Psychopatology Of Childhood
_c
Kessler.J.W
942
_2
udc
_c
BK
999
_c
50248
_d
50248